000 00633nam a2200205Ia 4500
001 17912
003 GE_BSU
008 181216s||||||||xx |||||||||||||| ||und||
040 _cGE_BSU
080 _a624.137.5
100 _aЦагарели,З.В.
245 _aНовые облегченные конструкции подпорных стен.
260 _aМ.
260 _bСтройиздат.
260 _c1969.
300 _a207 стр. с илл. 20 см.
300 _eБиблиогр.: стр. 200.
653 _aНовые облегченные конструкции подпорных стен.
942 _cBK
999 _c50955
_d50955